Protocolo de restauración de cobertura vegetales afectadas por incendios forestales (Registro nro. 5843)
[ vista simple ]
| 000 -CABECERA | |
|---|---|
| Campo de control | 00844nam a2200229 i 4500 |
| 005 - FECHA Y HORA DE LA ULTIMA TRANSACCION | |
| Campo de control | 20160220135910.0 |
| 008 - ELEMENTOS DE LONGITUD FIJA—INFORMACION GENERAL | |
| Campo de control | 160118t2006 ck a gr|||| 00| 0 spa d |
| 020 ## - ISBN | |
| ISBN | 9789589797822 |
| 040 ## - FUENTE DE CATALOGACIÓN | |
| Agencia catalogadora original | CO-BoIAVH |
| Agencia transcriptora | CO-BoIAVH |
| 041 ## - IDIOMA | |
| Código de idioma para texto/pista de sonido o título separado | Español |
| 082 04 - NUMERO DE CLASIFICACION DECIMAL DEWEY | |
| Número de clasificación | 634.9618 |
| Número del ítem | C82p |
| 110 2# - ASIENTO PRINCIPAL--NOMBRE CORPORATIVO | |
| Unidad subordinad | Corporación Nacional de Investigación y Fomento Forestal |
| 9 (RLIN) | 3924 |
| 245 10 - MENCION DE TITULO | |
| Título | Protocolo de restauración de cobertura vegetales afectadas por incendios forestales |
| 260 ## - PUBLICACION, DISTRIBUCION, ETC. (PIE DE IMPRENTA) | |
| Lugar de publicación, distribución, etc. | Bogotá : |
| Nombre del editor, distribuidor, etc. | CONIF: |
| -- | Ministerio de Ambiente, Vivienda y Desarrollo Territorial, |
| Fecha de publicación, distribución, etc. | 2006. |
| 300 ## - DESCRIPCION FISICA | |
| Extensión | 59 paginas : |
| Otros detalles físicos | ilustraciones ; |
| Dimensiones | 27 x 21 cm |
| 650 14 - ASIENTO SECUNDARIO DE MATERIA - TERMINO TEMATICO | |
| Término temático o nombre geográfico como elemento de entrada | Incendios forestales |
| 9 (RLIN) | 61870 |
| 650 24 - ASIENTO SECUNDARIO DE MATERIA - TERMINO TEMATICO | |
| Término temático o nombre geográfico como elemento de entrada | Recuperación ecológica |
| 9 (RLIN) | 61871 |
| 650 24 - ASIENTO SECUNDARIO DE MATERIA - TERMINO TEMATICO | |
| Término temático o nombre geográfico como elemento de entrada | Prevención de incendios forestales |
| 9 (RLIN) | 61872 |
| 650 24 - ASIENTO SECUNDARIO DE MATERIA - TERMINO TEMATICO | |
| Término temático o nombre geográfico como elemento de entrada | Efectos del fuego |
| 9 (RLIN) | 52294 |
| 942 ## - ELEMENTOS ADICIONALES (KOHA) | |
| Tipo de ítem | Libro |
| Sistema de clasificación | Dewey Decimal Classification |
| 945 ## - PROCESAMIENTO LOCAL | |
| AAAA-MM-DD - Fecha de ingreso o modificacion | 2007-10-03 |
| Withdrawn status | Lost status | Sistema de Clasificación | Damaged status | No para préstamo | Colección | Inventariado | Ubicación Permanente | Ubicación actual | Fecha de adquisición | Fuente de Valor | Valor | Total Checkouts | Número topográfico | Inventario / Código de Barras | Date last seen | Ejemplar | Price effective from | Forma de adquisición | Tipo de material |
|---|---|---|---|---|---|---|---|---|---|---|---|---|---|---|---|---|---|---|---|
| Dewey Decimal Classification | General | Inventariado 2017 | Bogotá | Bogotá | 03/10/2007 | Instituto | 39000.00 | LB-634.9618 C82p | 025331 | 04/12/2012 | Ej. 2 | 04/12/2012 | Libro | ||||||
| Dewey Decimal Classification | General | Inventariado 2017 | Bogotá | Bogotá | 03/10/2007 | Instituto | 39000.00 | LB-634.9618 C82p | 025332 | 04/12/2012 | Ej.1 | 04/12/2012 | Libro | ||||||
| Dewey Decimal Classification | General | Inventariado 2017 | Sala Fabio Quevedo | Sala Fabio Quevedo | 03/10/2007 | Instituto | 39000.00 | LB-634.9618 C82p | 025259 | 04/12/2012 | Ej. 3 | 04/12/2012 | Libro |